| 000 | 01049nam a22001937a 4500 | ||
|---|---|---|---|
| 003 | OSt | ||
| 008 | 230112t2024 xxk|||||o||||o00| 0 eng d | ||
| 245 |
_aSpray foam insulation and mortgages _h[Electronic resource] |
||
| 260 |
_aLondon, _bHouse of Commons Library, _c5 February 2024 |
||
| 490 | _aConstituency Casework | ||
| 520 | _aAbout the problems homeowners with spray foam insulation are having when remortgaging or selling their properties and what they can do about it. Originally published in November 2022 and updated in February 2024 | ||
| 650 | _aSpray Foam | ||
| 650 | _aInsulation | ||
| 690 |
_96223 _aBuilding materials & defects |
||
| 710 |
_91448 _aParliament. House of Commons. Library |
||
| 856 |
_uhttps://commonslibrary.parliament.uk/spray-foam-insulation-and-mortgages _zCurrent version online at the House of Commons Library |
||
| 856 |
_uhttps://web.archive.org/web/20221204120549/https://commonslibrary.parliament.uk/spray-foam-insulation-and-mortgages/ _zArchived November 2022 version via web archive |
||
| 942 | _2ddc | ||
| 999 |
_c121311 _d121311 |
||